| 000 | 02075nam a2200349 a 4500 | ||
|---|---|---|---|
| 001 | BRL_1439 | ||
| 005 | 20190320211215.0 | ||
| 008 | 140114s1953----mx-a######---#001-0#spa-# | ||
| 041 | _amx | ||
| 044 | _aspa | ||
| 050 | 4 |
_aF1219.3.R38 _b.R84 1953 |
|
| 100 | 1 |
_aRuiz de Alarcón, Hernando _926912 |
|
| 245 | 1 | 0 |
_aTratado de las idolatrias, supersticiones, dioses, ritos, hechicerias y otras costumbres gentilicas de las razas aborigenes de México _cHernando Ruiz de Alarcón, Pedro Sánchez de Aguilar, Gonzalo de Balsalobre ; notas, comentarios y un estudio de Francisco del Paso y Troncoso. |
| 250 | _a2. ed., ampliada con importantes suplementos e índices | ||
| 260 |
_aMéxico, D.F. _bEdiciones Fuente Cultural : Librería Navarro _c1953 |
||
| 300 |
_a477 p. _bil. _c23 cm. |
||
| 440 | 0 |
_aBiblioteca Navarro de historia y cultura mexicana _926913 |
|
| 440 | 0 |
_aColección del México eterno _926914 |
|
| 500 | _aAu1710 | ||
| 500 | _aEstado físico: Camisa en malas condiciones. | ||
| 500 | _aIncluye índice onomástico, geográfico, general e índice del volumen una X | ||
| 505 | 0 | _aTratado de supersticiones y costumbres gentílicas que oy viuen entre los indios naturales de esta Nueva España / Hernando Ruiz de Alarcón .- Informe contra los adoradores de ídolos del obispado de Yucatán año de 1639 / Dr. Pedro Sánchez de Aguilar .- Relación auténtica de las idolatrías, supersticiones y vanas observaciones de los indios del Obispado de Oaxaca / Br. Gonzalo de Balsalobre | |
| 650 | 1 | 4 |
_aIndígenas de México _xReligión y Mitología _923675 |
| 650 | 1 | 4 |
_aIndígenas de México _xMedicina _918381 |
| 650 | 1 | 4 |
_aAztecas _xReligión y Mitología _926915 |
| 650 | 1 | 4 |
_aAztecas _xMedicina _926916 |
| 700 | 1 |
_aSánchez de aguilar, Pedro _d1555-1648 _tInforme contra idolorum cultores _926917 |
|
| 700 | 1 |
_aBalsalobre, Gonzalo de _tRelacion autentica de las idolatrias, supersticiones, vanas observaciones de los indios del obispado de Oaxaca _926918 |
|
| 700 | 1 |
_aPaso y Troncoso, Francisco del _d1842-1916 _926919 |
|
| 902 | _aGRL | ||
| 942 |
_2lcc _cB |
||
| 999 |
_c10249 _d10249 |
||